1161 1540 1159 1343 1350 1842 1556 1776 1885 1739 1856 1301 1241 1331 1514 1015 1847 1799 1295 1060 1804 1625 1673 1762 1692 1643 1277 1827 1452 1898 1205 1642 1468 1057 1581 1408 1019 1745 1433 1250 1006 1673 1837 1803 1658 1254 1613 1914 1335 1845 1088 1302 1284 1802 1554 1843 1945 1845 1015 1069 1347 1536 1219 1042 1420 1471 1138 1618 1820 1140 1471 1934 1499 1198 1425 1188 1591 1734 1173 1364 1663 1103 1608 1224 1141 1801 1348 1029 1513 1362 1494 1711 1274 1895 1220 1042 1093 1684 1867 BCNSPRNW ULIB Ver.6.0+V

เปลี่ยนเป็นภาษาไทย

Change to English
 แสดงรายละเอียดบรรณานุกรม
  กลับหน้าหลัก

Brief Record : Get Marc (ISO 2709) : E-mail record : QR code < ปิดหน้าต่าง
LEADER : 00000nam 2200000uu 4500
001    13399111650
003     ULIB
008    110704s||||||||th 000 0 tha d
020    9749434757
020    9789749434758
050  4 BQ4570^bส853ห 2549
100 0  สุรวัฒน์ เสรีวิวัฒนา
245 10 บันทึกดูจิต ตอน หัดรู้--หัดดู /^cผู้เขียน, สุรวัฒน์ เสรีวิวัฒนา
246 30 บันทึกดูจิต ตอน หัดรู้...หัดดู
246 30 หัดรู้--หัดดู
250    พิมพ์ครั้งที่ 3
260    กรุงเทพฯ :^bสุภา,^c2549
300    91 หน้า :^bภาพประกอบ ;^c19 ซม.
650  7 กรรมฐาน
650  7 การปฏิบัติธรรม
650  7 วิปัสสนา
945    ^p0^l0^i023442
995    ทศพร
999 ^a ใช้งานได้ทุกระบบ
รายการนี้ยังไม่มีแท็ก
คุณยังไม่ได้ล็อกอิน คุณสามารถมีกิจกรรมร่วมกับเว็บไซต์ได้ แต่ต้องล็อกอินก่อน ::
  ล็อกอิน

รายการสื่อสารสนเทศ

ลำดับที่ ประเภท เลขเรียก/บาร์โค้ด สถานที่ สถานะ
- ไม่พบข้อมูล -

รายการใกล้เคียง
    ผู้แต่ง [สุรวัฒน์ เสรีวิวัฒนา]

    หัวเรื่อง [กรรมฐาน]
    หัวเรื่อง [การปฏิบัติธรรม]
    หัวเรื่อง [วิปัสสนา]

BibComment


ยังไม่เคยถูกคอมเมนท์

คอมเมนท์ทรัพยากรรายการนี้
  คอมเมนท์: บันทึกดูจิต ตอน ห..


 Copyright 2026. Bcnsprnw @Library